00400nam a22001337a 4500999001500000082001400015100002000029245004000049260001300089300000900102650003400111942000700145952011400152 c1381d1381 a547.1 SCU aScuddler,Paul.H aelcetrone flow in organic chemistry aNew York a374p aelcetrone,inorganic chemistry cBK 0010708NFICaICbICcGENd2015-06-30l1o547.1 SCUp003690r2022-11-17 00:00:00s2016-08-01w2015-06-30yBK